| 000 -LEADER |
| fixed length control field |
01854cam a2200385 i 4500 |
| 001 - CONTROL NUMBER |
| control field |
17959427 |
| 003 - CONTROL NUMBER IDENTIFIER |
| control field |
USPCAS-E |
| 005 - DATE AND TIME OF LATEST TRANSACTION |
| control field |
20180118181418.0 |
| 008 - FIXED-LENGTH DATA ELEMENTS--GENERAL INFORMATION |
| fixed length control field |
131130s2014 enk b 001 0 eng |
| 010 ## - LIBRARY OF CONGRESS CONTROL NUMBER |
| LC control number |
2013043111 |
| 020 ## - INTERNATIONAL STANDARD BOOK NUMBER |
| International Standard Book Number |
9781118539620 |
| 040 ## - CATALOGING SOURCE |
| Original cataloging agency |
DLC |
| Language of cataloging |
eng |
| Transcribing agency |
DLC |
| Description conventions |
rda |
| Modifying agency |
DLC |
| 042 ## - AUTHENTICATION CODE |
| Authentication code |
pcc |
| 050 00 - LIBRARY OF CONGRESS CALL NUMBER |
| Classification number |
TK1541 |
| Item number |
.A48 2014 |
| 082 00 - DEWEY DECIMAL CLASSIFICATION NUMBER |
| Classification number |
621.31213609162 |
| Edition number |
23 |
| Author Mark |
OFF 2014 |
| 100 1# - MAIN ENTRY--PERSONAL NAME |
| Personal name |
Anaya-Lara, Olimpo. |
| 245 10 - TITLE STATEMENT |
| Title |
Offshore wind energy generation : |
| Remainder of title |
control, protection, and integration to electrical systems / |
| Statement of responsibility, etc. |
Olimpo Anaya-Lara, University of Strathclyde, Glassgow, UK, David Campos-Gaona, Morelia Institute of Technology, Mexico, Edgar Moreno-Goytia, Morelia Institute of Technology, Mexico, Grain Adam, University of Strathclyde, Glassgow,. |
| 260 ## - PUBLICATION, DISTRIBUTION, ETC. |
| Place of publication, distribution, etc. |
Sussex: |
| Name of publisher, distributor, etc. |
Wiley, |
| Date of publication, distribution, etc. |
2014. |
| 300 ## - PHYSICAL DESCRIPTION |
| Extent |
283 pages ; |
| Dimensions |
26 cm |
| 502 ## - DISSERTATION NOTE |
| Dissertation note |
. |
| 504 ## - BIBLIOGRAPHY, ETC. NOTE |
| Bibliography, etc. note |
Includes bibliographical references and index. |
| 650 #0 - SUBJECT ADDED ENTRY--TOPICAL TERM |
| Topical term or geographic name entry element |
Wind power plants. |
| 650 #0 - SUBJECT ADDED ENTRY--TOPICAL TERM |
| Topical term or geographic name entry element |
Offshore electric power plants. |
| 650 #0 - SUBJECT ADDED ENTRY--TOPICAL TERM |
| Topical term or geographic name entry element |
Wind energy conversion systems. |
| 700 1# - ADDED ENTRY--PERSONAL NAME |
| Personal name |
Campos-Gaona, David. |
| 700 1# - ADDED ENTRY--PERSONAL NAME |
| Personal name |
Moreno-Goytia, Edgar Lenymirko. |
| 700 1# - ADDED ENTRY--PERSONAL NAME |
| Personal name |
Adam, Grain Philip. |
| 776 08 - ADDITIONAL PHYSICAL FORM ENTRY |
| Relationship information |
Online version: |
| Main entry heading |
Anaya-Lara, Olimpo. |
| Title |
Offshore wind energy generation |
| Place, publisher, and date of publication |
Chichester, West Sussex : John Wiley & Sons Inc., [2014] |
| International Standard Book Number |
9781118701539 |
| Record control number |
(DLC) 2013048398 |
| 856 41 - ELECTRONIC LOCATION AND ACCESS |
| Materials specified |
Table of contents only |
| Uniform Resource Identifier |
<a href="http://www.loc.gov/catdir/enhancements/fy1506/2013043111-t.html">http://www.loc.gov/catdir/enhancements/fy1506/2013043111-t.html</a> |
| 856 42 - ELECTRONIC LOCATION AND ACCESS |
| Materials specified |
Publisher description |
| Uniform Resource Identifier |
<a href="http://www.loc.gov/catdir/enhancements/fy1506/2013043111-d.html">http://www.loc.gov/catdir/enhancements/fy1506/2013043111-d.html</a> |
| 856 42 - ELECTRONIC LOCATION AND ACCESS |
| Materials specified |
Contributor biographical information |
| Uniform Resource Identifier |
<a href="http://www.loc.gov/catdir/enhancements/fy1506/2013043111-b.html">http://www.loc.gov/catdir/enhancements/fy1506/2013043111-b.html</a> |
| 906 ## - LOCAL DATA ELEMENT F, LDF (RLIN) |
| a |
7 |
| b |
cbc |
| c |
orignew |
| d |
1 |
| e |
ecip |
| f |
20 |
| g |
y-gencatlg |
| 942 ## - ADDED ENTRY ELEMENTS (KOHA) |
| Source of classification or shelving scheme |
|
| Koha item type |
Book |